Property tax and insurance (Record no. 77569)

MARC details
000 -LEADER
fixed length control field 00783cab a2200205 4500
001 - CONTROL NUMBER
control field ##L134574
008 - FIXED-LENGTH DATA ELEMENTS--GENERAL INFORMATION
fixed length control field 060817n2006 000 0 eng u
035 ## - SYSTEM CONTROL NUMBER
System control number (Sirsi) u134574
041 0# - LANGUAGE CODE
Language code of text/sound track or separate title eng
100 1# - MAIN ENTRY--PERSONAL NAME
Personal name Hipwell, Deirdre
245 00 - TITLE STATEMENT
Title Property tax and insurance
Remainder of title special report
260 ## - PUBLICATION, DISTRIBUTION, ETC.
Date of publication, distribution, etc. 2006
490 #0 - SERIES STATEMENT
Series statement Property Week
Volume/sequential designation 71(32/33) 11 August 2006, 69-73(5)
520 ## - SUMMARY, ETC.
Summary, etc. Reports that property investors are failing to take advantage of the UK government's green development tax breaks, and looks at plans to force brokers and property managers to reveal how much commission they receive for arranging insurance.
590 ## - LOCAL NOTE (RLIN)
Local note IKA220806
651 #4 - SUBJECT ADDED ENTRY--GEOGRAPHIC NAME
Geographic name United Kingdom
Chronological subdivision
690 ## - LOCAL SUBJECT ADDED ENTRY--TOPICAL TERM (OCLC, RLIN)
Topical term or geographic name as entry element PROPERTY-PROPERTY APPRAISAL AND VALUATION
700 1# - ADDED ENTRY--PERSONAL NAME
Personal name Benzine, Adam
942 ## - ADDED ENTRY ELEMENTS (KOHA)
Suppress in OPAC 0
Holdings
Withdrawn status Lost status Source of classification or shelving scheme Damaged status Not for loan Home library Current library Shelving location Date acquired Total Checkouts Full call number Barcode Date last seen Copy number Price effective from Koha item type
    Dewey Decimal Classification     London London Journal article 17/08/2006   L134574 134574-1001 06/08/2019 1 06/08/2019 Journal article